| 000 | 00517nam a2200181Ia 4500 | ||
|---|---|---|---|
| 003 | GCL | ||
| 008 | 140319s9999 xx 000 0 ara d | ||
| 040 |
_aGCL / _cGCL |
||
| 082 | 0 | 4 |
_a813.085 _bل ع |
| 100 | 1 | _aلوسى يعقوب | |
| 245 | 1 | 0 |
_aعيون ظالمة / _cلوسى يعقوب |
| 260 |
_a[S.N] : _bد. ن ، _c0 |
||
| 300 |
_a128 ص ؛ _c18 |
||
| 650 | 0 | 4 | _aالادب العربى |
| 650 | 0 | 4 | _aالقصص العربية القصيرة |
| 650 | 0 | 4 | _aالقصص الرومانسية |
| 942 |
_2ddc _cBK |
||
| 999 |
_c8925 _d8925 |
||